| 000 | 00615nam a2200217Ia 4500 | ||
|---|---|---|---|
| 005 | 20250923145826.0 | ||
| 008 | 008 250917s9999 xx 000 0 eng d | ||
| 037 | _aTextual | ||
| 040 |
_aDSWL _beng _cDSWL |
||
| 041 |
_aeng _2eng |
||
| 084 |
_aG:55oaY, N89 _qDSWL |
||
| 100 |
_aViegas, P. _9839321 |
||
| 245 | 4 |
_aThe impact of environmental degradation on people _cby P. Viegas |
|
| 260 |
_aNew Delhi _b Indian Sec. Instt. _c1989 |
||
| 300 | _a81p. | ||
| 365 |
_aINR _b70.00 |
||
| 700 |
_a G. Menon _9839322 |
||
| 925 | _g70.00 | ||
| 942 |
_cTEXL _hG:55oaY, N89 |
||
| 999 |
_c1456168 _d1456168 |
||